000 00871nam a2200253Ia 4500
003 OSt
005 20221005112722.0
006 a|||||r|||| 00| 0
007 ta
008 221004b |||||||| |||| 00| 0 pan d
020 _a9788182994195 (hbk)
_cINR 695.00
024 _a45238
037 _b1063, 12/02/2019, H.K. Prakashan
_cTextual
040 _aCRL
_cCRL
_bpan
041 _2pan
_apan
082 _aQ8441xJ04, 153Q8
100 _aਸਿੰਘ, ਅਵਤਾਰ, ਂਚ.
245 0 _aਗੁਰ ਅੰਗਦ ਸੋਭਾ
260 _aਦਿੱਲੀ
_bਆਰਸੀ ਪਬਲਿFਰਗ਼ ਭਾਰਤ
_c2018
300 _a623ਪ੍ਰ0
_ccm.
650 _aਸਿੱਖ ਧਰਮ
_9156314
942 _hQ8441xJ04, 153Q8
_cTEXL
_2cc
999 _c1025764
_d1025764